| 000 | 00937nam a22002537a 4500 | ||
|---|---|---|---|
| 005 | 20170123164142.0 | ||
| 010 | _aB-210316 | ||
| 020 |
_a8181380444 _c150.00 |
||
| 035 | _aB-210316 | ||
| 037 | _bCen Lib/Ret | ||
| 040 |
_aDPL _bPN |
||
| 082 |
_a851 _bਉਸ਼ਮਾ |
||
| 100 |
_aਉਸ਼ਮਾ _941420 |
||
| 245 |
_aਨੀ ਮੈਂ ਕਿਹਿਨੂ ਆਖਾਂ / _cਉਸ਼ਮਾ |
||
| 246 |
_aNi main kihinoo aakhan / _bby Ushma |
||
| 260 |
_aਦਿੱੱਲੀ _bਆਮ. ਪੀ ਪ੍ਰਕਾਸ਼ਨ _c2006 |
||
| 270 |
_a12/190 ਗੀਤਾ ਕਾਲੋਨੀ _bਦਿੱੱਲੀ _e110031 |
||
| 300 |
_a120p. _c22cm(Hb) |
||
| 650 |
_aਪੰਜਾਬੀ ਸਾਹਿਤ _9116236 |
||
| 650 |
_aਪੰਜਾਬੀ ਸਾਹਿਤ- ਕਵਿਤਾਵਾਂ _9780 |
||
| 650 |
_aPunjabi Literature _9781 |
||
| 650 |
_aPunjabi Literature- Poetry _96011 |
||
| 942 |
_2ddc _cPN _h851 _mਉਸ਼ਮਾ |
||
| 999 |
_c109735 _d109735 |
||